| 000 | 00000nam 2200000zi 4500 |
| 001 | 9.907037 |
| 003 | CaOODSP |
| 005 | 20230608090557 |
| 006 | m o d f |
| 007 | cr ||||||||||| |
| 008 | 220118t20222022onc ob f000 0 fre d |
| 020 | |a9780660416823 |
| 040 | |aCaOODSP|bfre|erda|cCaOODSP |
| 043 | |an-cn--- |
| 086 | 1 |aH144-97/2022F-PDF |
| 245 | 00|aPollution atmosphérique liée à la circulation automobile : |bévaluation des risques pour la santé humaine selon une revue globale axée sur certains types de cancer. |
| 264 | 1|a[Ottawa] : |bSanté Canada = Health Canada, |c2022. |
| 264 | 4|c©2022 |
| 300 | |a1 ressource en ligne (viii, 106 pages) |
| 336 | |atexte|btxt|2rdacontent/fre |
| 337 | |ainformatique|bc|2rdamedia/fre |
| 338 | |aressource en ligne|bcr|2rdacarrier/fre |
| 500 | |aTitre de la couverture. |
| 500 | |a« Date de publication : mars 2022. » |
| 500 | |aLa copie a été replacée le 8 juin 2023 à la demande du ministère-auteur. |
| 500 | |aPublié aussi en anglais sous le titre : Traffic-related air pollution: an umbrella review-based human health risk assessment on selected cancer types. |
| 504 | |aComprend des références bibliographiques (pages 77-80). |
| 520 | |a« L'objectif de la présente évaluation des risques est de mesurer le lien entre le cancer et l'exposition à la pollution atmosphérique liée à la circulation automobile (PACA), afin que ces renseignements servent à la conception de programmes et de politiques pouvant réduire l'exposition à la PACA et ses répercussions sanitaires au Canada » -- Résumé, page 3. |
| 650 | 6|aAir|xPollution|xAspect sanitaire|zCanada. |
| 650 | 6|aAutomobiles|xMoteurs|xGaz d'échappement|xAspect sanitaire|zCanada. |
| 650 | 6|aCancérogenèse. |
| 710 | 1 |aCanada. |bSanté Canada, |eorganismes de publication. |
| 775 | 08|tTraffic-related air pollution : |w(CaOODSP)9.907034 |
| 856 | 40|qPDF|s1.64 Mo|uhttps://publications.gc.ca/collections/collection_2022/sc-hc/H144-97-2022-fra.pdf |
| 986 | |a210604 |